| 000 | 04267nam a22011777a 4500 | ||
|---|---|---|---|
| 003 | PE-LiUPU | ||
| 005 | 20260325094938.0 | ||
| 008 | 230929b |||||||| |||| 00| 0 spa d | ||
| 020 | _a9786123251987 | ||
| 040 |
_aPE-LiUPU _bspa _cPE-LiUPU _erda |
||
| 082 |
_223 _a342.211 _bL864p |
||
| 100 | 1 | 0 |
_aLópez Guerra, Luis. _92922 _eautor. |
| 245 | 1 | 0 |
_aProtección multinivel de los derechos humanos : _bsistemas europeo e interamericano / _cLuis López Guerra. |
| 250 | _aPrimera edición. | ||
| 264 |
_aLima : _bPalestra Editores , _c2021. |
||
| 300 |
_a325 páginas : _c21 centímetros. |
||
| 504 | _aIncluye referencias bibliográficas. pié de página. | ||
| 505 | _aEl convenio y el tribunal europeo de derechos humanos -- El sistema europeo de protección de derechos humanos -- La evolución del sistema europeo de protección de derechos humanos -- La reacción frente al sistema Europeo de protección de derechos humanos; una preocupación continua -- La interpretación de los derechos humanos por el tribunal europeo y la corta Interamericana -- Los criterios interpretativos del tribunal europeo y la corte interamericana de derechos humanos -- el principio de subsidiariedad en los sistemas europeo y americano -- El principio de proporcionalidad en la jurisprudencia del tribunal europeo de derechos humanos -- Tribunales nacionales y tribunales internacionales en los sistemas europeo e interamericano -- Constitución y convención técnicas de interiorización de los mandatos convencionales en el sistema europeo de protección de derechos humanos -- La ejecución de las sentencias del tribunal europeo de derechos humanos en el ordenamiento interno -- El diálogo entre el tribunal de estraburgo y los tribunales nacionales -- El diálogo entre los tribunales europeo e interamericano de derechos humanos -- El tribunal europeo de derechos humanos, el tribunal de justicia de la unión europea y "le mouvement nécéssaire des choses" -- La carta de derechos fundamentales de la unión europea y la jurisprudencia del tribunal europeo de derechos humanos. | ||
| 526 | _aP202 | ||
| 526 | _aP201 | ||
| 526 | _aP163 | ||
| 526 | _aP162 | ||
| 526 | _aP161 | ||
| 526 | _aP160 | ||
| 526 | _aP148 | ||
| 526 | _aP147 | ||
| 526 | _aP146 | ||
| 526 | _aP145 | ||
| 526 | _aP144 | ||
| 526 | _aP143 | ||
| 526 | _aP142 | ||
| 526 | _aP141 | ||
| 526 | _aP140 | ||
| 526 | _aP139 | ||
| 526 | _aP138 | ||
| 526 | _aP137 | ||
| 526 | _aP136 | ||
| 526 | _aP135 | ||
| 526 | _aP134 | ||
| 526 | _aP133 | ||
| 526 | _aP129 | ||
| 526 | _aP128 | ||
| 526 | _aP127 | ||
| 526 | _aP120 | ||
| 526 | _aP119 | ||
| 526 | _aP118 | ||
| 526 | _aP116 | ||
| 526 | _aP115 | ||
| 526 | _aP114 | ||
| 526 | _aP110 | ||
| 526 | _aP109 | ||
| 526 | _aP108 | ||
| 526 | _aP104 | ||
| 526 | _aP103 | ||
| 526 | _aP102 | ||
| 526 | _aP99 | ||
| 526 | _aP98 | ||
| 526 | _aP97 | ||
| 526 | _aP96 | ||
| 526 | _aP95 | ||
| 526 | _aP93 | ||
| 526 | _aP90 | ||
| 526 | _aP89 | ||
| 526 | _aP88 | ||
| 526 | _aP83 | ||
| 526 | _aP82 | ||
| 526 | _aP62 | ||
| 526 | _aP59 | ||
| 526 | _aP58 | ||
| 526 | _aP57 | ||
| 526 | _aP51 | ||
| 526 | _aP49 | ||
| 526 | _aP48 | ||
| 526 | _aP47 | ||
| 526 | _aP29 | ||
| 526 | _aP24 | ||
| 526 | _aP20 | ||
| 526 | _aP19 | ||
| 526 | _aP17 | ||
| 526 | _aP15 | ||
| 526 | _aP14 | ||
| 526 | _aP12 | ||
| 526 | _aP10 | ||
| 526 | _aP09 | ||
| 526 | _aP08 | ||
| 526 | _aP07 | ||
| 526 | _aP06 | ||
| 526 | _aP05 | ||
| 526 | _aP04 | ||
| 526 | _aP01 | ||
| 556 |
_aE001-108 10444184961
_z9786123251987 |
||
| 610 | 0 |
_aCorte Interamericana de Derechos Humanos. _92929 |
|
| 610 | 0 |
_aCorte Europea de Derechos Humanos. _92930 |
|
| 650 | 0 |
_aDerecho internacional y Derecho humanos. _92925 |
|
| 650 | 0 |
_aDefensa de los derechos humanos _xCooperación internacional _92926 |
|
| 650 | 0 |
_aDerecho internacional y derecho interno. _92927 |
|
| 650 | 0 |
_aDerechos humanos. _92928 |
|
| 942 |
_2ddc _cBK _n0 |
||
| 980 |
_621515 _aDIGNA BRAÑES Analista Documental _818226 _gJaime Vilcazán Jefe de Análisis Documental |
||
| 999 |
_c62060 _d62060 |
||